header

Estimating the value of water-use efficiency in the Intermountain West (Record no. 113779)

MARC details
000 -LEADER
fixed length control field 01617nam a2200397 a 4500
082 04 - DEWEY DECIMAL CLASSIFICATION NUMBER
Classification number 363.6/10979
100 1# - MAIN ENTRY--AUTHOR NAME
Personal name Groves, David G.
245 10 - TITLE STATEMENT
Title Estimating the value of water-use efficiency in the Intermountain West
260 ## - PUBLICATION, DISTRIBUTION, ETC. (IMPRINT)
Place of publication Santa Monica, Calif. :
Name of publisher RAND Corp.,
Year of publication c2008.
300 ## - PHYSICAL DESCRIPTION
Number of Pages xviii, 69 p. :
Other physical details ill. (some col.), map.
490 1# - SERIES STATEMENT
Series statement Technical report
500 ## - GENERAL NOTE
General note "Sponsored by the William and Flora Hewlett Foundation."
650 #0 - SUBJECT ADDED ENTRY--TOPICAL TERM
Topical Term Water resources development
Topical Term Water-supply
700 1# - ADDED ENTRY--PERSONAL NAME
Personal name Griffin, James
Personal name Hajiamiri, Sara.
856 40 - ELECTRONIC LOCATION AND ACCESS
Uniform Resource Identifier http://site.ebrary.com/lib/rucke/Doc?id=10505582

No items available.

© 2026 Rongo University
Contact us: librarian | system librarian | Rongo university